Knights and their days /

Bibliographic Details
Main Author: Doran, Dr. (John), 1807-1878
Format: Book
Language:English
Published: Philadelphia : David McKay, 1890.
Subjects:

MARC

Tag First Indicator Second Indicator Subfields
LEADER 00000cam a2200000 i 4500
001 in00000043829
005 20151007065004.0
008 780918s1890 pau 00000 eng d
035 |a (OCoLC)04231496 
035 |9 AAE1039AM 
040 |a MFM  |c MFM  |d TXA  |d UtOrBLW 
049 |a TXAM  |c [1177] 
090 |a CR4523  |b .D7 1864 
092 |a 394.268  |b D693k 
100 1 |a Doran,  |c Dr.  |q (John),  |d 1807-1878. 
245 1 0 |a Knights and their days /  |c by Dr. Doran. 
264 1 |a Philadelphia :  |b David McKay,  |c 1890. 
300 |a 479 pages ;  |c 21 cm. 
336 |a text  |b txt  |2 rdacontent 
337 |a unmediated  |b n  |2 rdamedia 
338 |a volume  |b nc  |2 rdacarrier 
650 0 |a Knights and knighthood. 
999 |a MARS 
999 f f |s 88dfae2e-2d32-37ca-a882-81fa58889bc5  |i 20f634f7-f359-36d0-b44e-c20ec349c0ba  |t 0 
952 f f |p normal  |a Texas A&M University  |b J.J. Pickle Campus  |c High Density Repository  |d Remote Storage  |t 0  |e CR4523 .D7 1864  |h Library of Congress classification  |i unmediated -- volume  |m A14800885253 
998 f f |a CR4523 .D7 1864  |t 0  |l Remote Storage